00482nam a2200169Ia 450000500170000000800410001708200130005810000210007124500230009225000080011526000380012330000130016165000180017494200060019295200990019899900150029720250324043637.0240331s9999 xx 000 0 und d bRAJa894 aRajanarayanan, K 0aKoththai paruththi a2nd aShivagangaibAkaram Achagamc1991 a130 p ., aShort Stories cL 001040708LaWERCLbWERCLcSSCd2024-03-31l0o 894.811 RAJp1733r2024-03-31w2024-03-31yL c4148d4148